Sledovanie polohy osoby prostredníctvom modulu ESP32-CAM
Guardado en:
| Autor principal: | |
|---|---|
| Otros Autores: | |
| Formato: | Manuscrito Libro |
| Lenguaje: | eslovaco |
| Publicado: |
2025
|
| Materias: | |
| Acceso en línea: | http://is.stuba.sk/zp/portal_zp.pl?podrobnosti=179305 |
| Etiquetas: |
Sin Etiquetas, Sea el primero en etiquetar este registro!
|
MARC
| LEADER | 00000ntm a22000003a 4500 | ||
|---|---|---|---|
| 001 | stuzp104031 | ||
| 003 | SK-STU | ||
| 005 | 20250628211124.4 | ||
| 007 | ta | ||
| 008 | 150427s2015----xo-----f-mn---000-0-slo-d | ||
| 040 | |a STU |b slo | ||
| 041 | 0 | |a slo | |
| 100 | 1 | |a Yezheliev, Stanislav |u 066000 |4 aut |U MTF Materiálovotechnologická fakulta |T MTF Ústav aplikovanej informatiky, automatizácie a mechatroniky |X 122988 |U M6000 |Y 86 |7 122988 | |
| 242 | 0 | 1 | |a Person tracking via ESP32-CAM |y eng |
| 245 | 1 | 0 | |a Sledovanie polohy osoby prostredníctvom modulu ESP32-CAM |
| 260 | |c 2025 | ||
| 650 | 4 | |a ESP32-CAM |2 slo | |
| 650 | 4 | |a počítačové videnie |2 slo | |
| 650 | 4 | |a IoT |2 slo | |
| 650 | 4 | |a sledovanie objektov |2 slo | |
| 650 | 4 | |a mikrokontrolér |2 slo | |
| 650 | 4 | |a servomotor |2 slo | |
| 650 | 4 | |a vizuálne rozpoznávanie |2 slo | |
| 650 | 4 | |a object tracking |2 eng | |
| 650 | 4 | |a ESP32-CAM |2 eng | |
| 650 | 4 | |a computer vision |2 eng | |
| 650 | 4 | |a IoT |2 eng | |
| 650 | 4 | |a microcontroller |2 eng | |
| 650 | 4 | |a servomotor |2 eng | |
| 650 | 4 | |a visual recognition |2 eng | |
| 700 | 1 | |a Ďuďák, Juraj |u 066000 |k Z1 |4 ths |U MTF Materiálovotechnologická fakulta |T MTF Ústav aplikovanej informatiky, automatizácie a mechatroniky |X 53397 |U M6000 |Y 86 |7 A000053397 | |
| 856 | 4 | |u http://is.stuba.sk/zp/portal_zp.pl?podrobnosti=179305 | |
| 996 | |c M* BP-10053 |l MMSKP |s P |a 0 |w stuzp104031_0001 | ||